Normal view
MARC view
Entry Topical Term
001 - CONTROL NUMBER
- control field: 48116
003 - CONTROL NUMBER IDENTIFIER
- control field: ARRUPE
005 - DATE AND TIME OF LATEST TRANSACTION
- control field: 20190912111028.0
008 - FIXED-LENGTH DATA ELEMENTS
- fixed length control field: 190912|| aca||aabn | a|a d
040 ## - CATALOGING SOURCE
- Original cataloging agency: ARRUPE
- Transcribing agency: ARRUPE
150 ## - HEADING--TOPICAL TERM
- Topical term or geographic name as entry element: Women
- General subdivision: Suffrage
- General subdivision: Fiction
670 ## - SOURCE DATA FOUND
- Source citation: Work cat.: (ARRUPE)0: Darke, Marjorie. 48115, A question of courage /, 1975.